Score 0/44 Timer 05:00
2 Plays Today
Hint 4-Letter Word % Correct
Bird's mouthBEAK
95.1%
Monthly housing feeRENT
93.5%
To defeat someoneBEAT
93.1%
Disney or Whitman, e.g.WALT
91.8%
To desireWANT
91.4%
Chair, Stool, etc.SEAT
90.9%
Former Berlin dividerWALL
90.1%
Eight of this makes a gallonPINT
89.9%
To set yourself up for a picturePOSE
87.9%
____ and TellerPENN
85.4%
A rubber tube wateringHOSE
85.3%
Decomposed plant matterPEAT
85.1%
Retired Brazilian footballerPELÉ
84.9%
A detective's assignmentCASE
84.7%
To relaxREST
84.6%
Lightly coloredPALE
84.2%
Shakespearean KingLEAR
83.9%
Annoying bugPEST
83.4%
NippleTEAT
83.2%
Confined or repressedPENT
83.2%
A furPELT
82.7%
Result of a whippingWELT
82.6%
Hint 4-Letter Word % Correct
Complain loudlyRANT
80%
◎ A hole ◎LEAK
79.5%
Opposite of acid, chemicallyBASE
79.5%
◎ A hole ◎WELL
79.1%
◎ A gap ◎HOLE
77.4%
To cover a path with cementPAVE
77%
Overlapping circle diagramVENN
77%
Huck Finn vehicleRAFT
76.4%
◎ A hole ◎TEAR
75.4%
◎ A hole ◎CAVE
70.9%
◎ A hole ◎VENT
70.9%
Green, in FrenchVERT
67.9%
Thin strip of woodSLAT
66.8%
Saint, in DutchSINT
66.1%
Elegant and fashionablePOSH
63.3%
Paxson or Gosdin, e.g.VERN
61.6%
◎ A hole ◎RIFT
61.3%
A violent strikeBASH
59.9%
To search throughSIFT
58.1%
Mild exclamatory wordGOSH
57.1%
◎ A hole ◎SLIT
53.8%
◎ A hole ◎GASH
53.1%

Today's Daily Dose

Remove Ads.
Support Sporcle.
Get the best of Sporcle when you Go Orange. This ad-free experience offers more features, more stats, and more fun while also helping to support Sporcle. Thank you for becoming a member.

You're not logged in!

Compare scores with friends on all Sporcle quizzes.
OR
Log In

Show Comments

Extras

Top Quizzes Today


Score Distribution

Your Account Isn't Verified!

In order to create a playlist on Sporcle, you need to verify the email address you used during registration. Go to your Sporcle Settings to finish the process.

Report this User

Report this user for behavior that violates our Community Guidelines.

Details: